|
|
|
|
| LEADER |
01131nam a2200277 a 4500 |
| 001 |
4382090 |
| 008 |
091025s1996 enk b 001 0 eng d |
| 999 |
|
|
|c 5205
|d 5205
|
| 010 |
|
|
|a 91077533
|
| 020 |
|
|
|a 1561344257
|
| 020 |
|
|
|a 0879679492
|
| 040 |
|
|
|a DLC
|c DLC
|d DLC
|
| 082 |
0 |
0 |
|a 350.000973
|2 20
|
| 100 |
1 |
|
|a Johnson, William C.
|q (William Carl),
|d 1937-
|9 32569
|
| 245 |
1 |
0 |
|a Public administration :
|b policy, politics, and practice /
|c William C. Johnson.
|
| 250 |
|
|
|a 2nd ed.
|
| 260 |
|
|
|a Boston :
|b Mc-Grow Hill,
|c c1996.
|
| 300 |
|
|
|a xiii, 481 p. :
|b ill. (some col.) ;
|c 25 cm.
|
| 504 |
|
|
|a Includes bibliographical references (p. 465-474) and index.
|
| 541 |
1 |
|
|e 00008052
|
| 650 |
|
0 |
|a Public administration
|z United States.
|9 32570
|
| 650 |
|
0 |
|a Local government
|z United States.
|9 32571
|
| 650 |
|
0 |
|a State governments
|z United States.
|9 32572
|
| 852 |
4 |
|
|a Ayesha Abed Library
|j General Shelf
|
| 942 |
|
|
|2 ddc
|c BK
|
| 952 |
|
|
|0 0
|1 0
|2 ddc
|4 0
|6 350_000973000000000_JOH
|7 0
|9 5052
|a BRACUL
|b BRACUL
|c GEN
|d 2009-11-08
|g 0.00
|l 1
|o 350.000973 JOH
|p 3010008052
|r 2012-06-03
|s 2012-05-29
|t 1
|w 2009-11-08
|y BK
|x No price found in the accession register.
|